000
00330nam a22001577a 4500
003
SGT
020
_a
9789332575585
082
_a
150.287,ANA
100
_a
ANASTASIA
245
_a
PSYCHOLOGICAL TESTING
250
_a
7TH
260
_a
NOIDA U.P.
_b
PEARSON
_c
2022
300
_a
628
650
_a
PSCHOLOGY
942
_2
ddc
_c
BK
_0
16
999
_c
22855
_d
22855